Beginning digital electronics through projects / (Record no. 9068)

MARC details
000 -LEADER
fixed length control field 01122cam a22002894a 4500
001 - CONTROL NUMBER
control field 12145726
003 - CONTROL NUMBER IDENTIFIER
control field OSt
005 - DATE AND TIME OF LATEST TRANSACTION
control field 20240704142153.0
008 - FIXED-LENGTH DATA ELEMENTS--GENERAL INFORMATION
fixed length control field 000817s2001 maua f 001 0 eng
010 ## - LIBRARY OF CONGRESS CONTROL NUMBER
LC control number 00064639
020 ## - INTERNATIONAL STANDARD BOOK NUMBER
International Standard Book Number 0750672692 (pbk. : alk. paper)
040 ## - CATALOGING SOURCE
Transcribing agency must
042 ## - AUTHENTICATION CODE
Authentication code pcc
050 00 - LIBRARY OF CONGRESS CALL NUMBER
Classification number TK9965
Item number .S5443 2001
082 00 - DEWEY DECIMAL CLASSIFICATION NUMBER
Classification number 621.381 SIN 2001
Edition number 21
100 1# - MAIN ENTRY--PERSONAL NAME
Personal name Singmin, Andrew,
Dates associated with a name 1945-
9 (RLIN) 18443
245 10 - TITLE STATEMENT
Title Beginning digital electronics through projects /
Statement of responsibility, etc. Andrew Singmin.
260 ## - PUBLICATION, DISTRIBUTION, ETC. (IMPRINT)
Place of publication, distribution, etc. Boston, MA :
Name of publisher, distributor, etc. Newnes,
Date of publication, distribution, etc. c2001.
300 ## - PHYSICAL DESCRIPTION
Extent xiii, 205 p. :
Other physical details ill. ;
Dimensions 24 cm.
500 ## - GENERAL NOTE
General note Includes index.
650 #0 - SUBJECT ADDED ENTRY--TOPICAL TERM
Topical term or geographic name as entry element Digital electronics
Form subdivision Amateurs' manuals.
9 (RLIN) 18444
856 42 - ELECTRONIC LOCATION AND ACCESS
Materials specified Publisher description
Uniform Resource Identifier <a href="http://www.loc.gov/catdir/description/els031/00064639.html">http://www.loc.gov/catdir/description/els031/00064639.html</a>
856 41 - ELECTRONIC LOCATION AND ACCESS
Materials specified Table of contents
Uniform Resource Identifier <a href="http://www.loc.gov/catdir/toc/els031/00064639.html">http://www.loc.gov/catdir/toc/els031/00064639.html</a>
906 ## - LOCAL DATA ELEMENT F, LDF (RLIN)
a 7
b cbc
c orignew
d 1
e ocip
f 20
g y-gencatlg
942 ## - ADDED ENTRY ELEMENTS (KOHA)
Source of classification or shelving scheme Dewey Decimal Classification
Koha item type Open Shelf
Holdings
Withdrawn status Lost status Source of classification or shelving scheme Damaged status Not for loan Home library Current library Date acquired Source of acquisition Inventory number Total Checkouts Full call number Barcode Date last seen Price effective from Koha item type
    Dewey Decimal Classification     MUST Main Library MUST Main Library 04/07/2024 donation 10/32725   621.381 SIN 2001 2024-21776 04/07/2024 04/07/2024 Open Shelf